[Event "LTU-ch sf"]
[Site "Vilnius"]
[Date "2022.04.09"]
[Round "2"]
[White "Kusner, Michail"]
[Black "Luksas, Jonas"]
[Result "1-0"]
[WhiteElo "1716"]
[BlackElo "1486"]
[PlyCount "49"]
[EventDate "2022.04.08"]
[EventType "swiss"]
[EventRounds "9"]
[EventCountry "LTU"]
[SourceTitle "CBM 207 Extra"]
[Source "ChessBase"]
[SourceDate "2022.05.31"]
[SourceVersion "1"]
[SourceVersionDate "2022.05.31"]
[SourceQuality "1"]

1. e4 e5 2. Nf3 Nc6 3. Bc4 h6 4. d4 exd4 5. Nxd4 Ne5 6. Bb3 Qh4 7. Nc3 Bb4 8. 0-0 d6 9. Ndb5 Ba5 10. Qd5 Nf6 11. Nxd6+ cxd6 12. Qxa5 0-0 13. f3 b6 14. Qb4 Ba6 15. Rf2 Rfd8 16. Be3 Bb7 17. Rd1 d5 18. Qe7 Re8 19. Qxb7 dxe4 20. Nxe4 Rab8 21. Qxa7 Nxe4 22. fxe4 Qxe4 23. Bxf7+ Nxf7 24. Qxf7+ Kh7 25. Rd7 1-0

[Event "LTU-ch sf"]
[Site "Vilnius"]
[Date "2022.04.08"]
[Round "1"]
[White "Valantiejus, Vaidotas"]
[Black "Luksas, Jonas"]
[Result "1-0"]
[WhiteElo "2076"]
[BlackElo "1486"]
[PlyCount "45"]
[EventDate "2022.04.08"]
[EventType "swiss"]
[EventRounds "9"]
[EventCountry "LTU"]
[SourceTitle "CBM 207 Extra"]
[Source "ChessBase"]
[SourceDate "2022.05.31"]
[SourceVersion "1"]
[SourceVersionDate "2022.05.31"]
[SourceQuality "1"]

1. e4 e5 2. Nf3 Nc6 3. Bb5 Nf6 4. d3 d6 5. c3 Be7 6. 0-0 0-0 7. Re1 Bg4 8. Nbd2 a6 9. Ba4 b5 10. Bc2 Na5 11. h3 Bh5 12. Nf1 c5 13. Ng3 Bg6 14. Nh4 Nc6 15. Nhf5 Qd7 16. a4 Rfb8 17. Bg5 bxa4 18. Bxa4 Rb6 19. Qf3 Qe6 20. d4 cxd4 21. cxd4 Nxd4 22. Nxd4 exd4 23. e5 1-0

[Event "Klaipeda Sea op-A 17th"]
[Site "Klaipeda"]
[Date "2020.07.22"]
[Round "3"]
[White "Luksas, Jonas"]
[Black "Viliusis, Neimantas"]
[Result "1/2-1/2"]
[WhiteElo "1519"]
[BlackElo "1461"]
[PlyCount "93"]
[EventDate "2020.07.20"]
[EventType "swiss"]
[EventRounds "7"]
[EventCountry "LTU"]
[SourceTitle "CBM 197 Extra"]
[Source "ChessBase"]
[SourceDate "2020.09.30"]
[SourceVersion "1"]
[SourceVersionDate "2020.09.30"]
[SourceQuality "1"]

1. d4 Nf6 2. Nf3 g6 3. c4 Bg7 4. Nc3 d6 5. e4 0-0 6. Be2 e5 7. d5 Na6 8. h3 Nc5 9. Qc2 a5 10. Bg5 h6 11. Be3 Nfd7 12. Qd2 Kh7 13. g4 Nf6 14. Qc2 b6 15. b3 Bd7 16. Nd2 Ng8 17. 0-0-0 Na6 18. a3 Qe8 19. Nf1 Nc5 20. Ng3 a4 21. b4 Nb3+ 22. Kb2 Nd4 23. Qd2 Ne7 24. Bd3 c6 25. dxc6 Bxc6 26. Nd5 Nxd5 27. cxd5 Bb5 28. Bxb5 Qxb5 29. Qd3 Qxd3 30. Rxd3 Rac8 31. Rc1 Rxc1 32. Bxc1 f5 33. gxf5 gxf5 34. Kb1 f4 35. Nf1 Rc8 36. Nd2 Bf6 37. Bb2 Nb5 38. Nf3 Rg8 39. Kc2 Rc8+ 40. Kd1 Kg6 41. Ke2 Rc2+ 42. Rd2 Rc4 43. Kd3 Rc8 44. Rc2 Rxc2 45. Kxc2 Kh5 46. Kd3 Bh4 47. Ke2 1/2-1/2

[Event "LTU-ch sf"]
[Site "Klaipeda"]
[Date "2019.10.27"]
[Round "8"]
[White "Luksas, Jonas"]
[Black "Pakalniskis, Romas"]
[Result "0-1"]
[WhiteElo "1531"]
[BlackElo "1645"]
[PlyCount "94"]
[EventDate "2019.10.05"]
[EventType "swiss"]
[EventRounds "8"]
[EventCountry "LTU"]
[SourceTitle "CBM 192 Extra"]
[Source "Chessbase"]
[SourceDate "2019.11.06"]
[SourceVersion "1"]
[SourceVersionDate "2019.11.06"]
[SourceQuality "1"]

1. Nf3 d5 2. d4 Nf6 3. c4 c6 4. Nc3 Bf5 5. Nh4 Bg4 6. f3 Bc8 7. e4 dxe4 8. Nxe4 Nxe4 9. fxe4 e5 10. Nf3 exd4 11. Qxd4 Bb4+ 12. Bd2 Bxd2+ 13. Kxd2 c5 14. Qxd8+ Kxd8 15. Kc3 Ke7 16. h3 Rd8 17. Be2 Nc6 18. Rad1 Be6 19. Rxd8 Rxd8 20. Rd1 Rxd1 21. Bxd1 f6 22. Be2 Ne5 23. Nd2 g5 24. a3 b6 25. b4 Bf7 26. Bf3 h5 27. Be2 h4 28. Bf3 Kd6 29. Be2 Be6 30. Bf3 Bd7 31. Be2 Bc6 32. Bf1 g4 33. hxg4 Nxg4 34. Kd3 Nh2 35. Ke3 Ke5 36. Nf3+ Nxf3 37. gxf3 cxb4 38. f4+ Kd6 39. axb4 a5 40. bxa5 bxa5 41. Kd4 Bd7 42. Bg2 h3 43. e5+ fxe5+ 44. fxe5+ Kc7 45. Bd5 Bc6 46. e6 Bxd5 47. cxd5 Kd6 0-1

[Event "LTU-ch sf"]
[Site "Klaipeda"]
[Date "2019.10.26"]
[Round "7"]
[White "Pauzelis, Bernardas"]
[Black "Luksas, Jonas"]
[Result "0-1"]
[WhiteElo "1003"]
[BlackElo "1531"]
[PlyCount "78"]
[EventDate "2019.10.05"]
[EventType "swiss"]
[EventRounds "8"]
[EventCountry "LTU"]
[SourceTitle "CBM 192 Extra"]
[Source "Chessbase"]
[SourceDate "2019.11.06"]
[SourceVersion "1"]
[SourceVersionDate "2019.11.06"]
[SourceQuality "1"]

1. e4 c5 2. Bc4 Nc6 3. Nf3 d6 4. d3 Nf6 5. Be3 e6 6. 0-0 Be7 7. Nbd2 0-0 8. c3 d5 9. exd5 exd5 10. Bb3 Bg4 11. h3 Bh5 12. Re1 Ne5 13. d4 Nd3 14. Re2 Ne4 15. dxc5 Bxc5 16. Bxc5 Nexc5 17. Re3 Qd6 18. Qc2 Bg6 19. c4 Nxf2 20. Qc3 Nfe4 21. Nxe4 Nxe4 22. Qd4 dxc4 23. Qxd6 Nxd6 24. Bd1 Rfe8 25. Rxe8+ Rxe8 26. Kf2 Bd3 27. Rc1 b5 28. b3 Ne4+ 29. Kg1 c3 30. Ne1 Rd8 31. Bf3 f5 32. Bxe4 Bxe4 33. Rxc3 Rd1 34. Re3 Kf7 35. Kf2 Rd2+ 36. Re2 Rxe2+ 37. Kxe2 Ke6 38. Nd3 Bxd3+ 39. Kxd3 Ke5 0-1

[Event "Klaipeda Sea op-B 16th"]
[Site "Klaipeda"]
[Date "2019.07.26"]
[Round "5"]
[White "Luksas, Jonas"]
[Black "Januseviciute, Donata"]
[Result "1-0"]
[WhiteElo "1502"]
[BlackElo "1555"]
[PlyCount "83"]
[EventDate "2019.07.22"]
[EventType "swiss"]
[EventRounds "7"]
[EventCountry "LTU"]
[SourceTitle "CBM 191 Extra"]
[Source "ChessBase"]
[SourceDate "2019.09.30"]
[SourceVersion "1"]
[SourceVersionDate "2019.09.30"]
[SourceQuality "1"]

1. e4 e6 2. d4 d5 3. Nd2 Nf6 4. e5 Nfd7 5. Ngf3 c5 6. c3 Nc6 7. Bd3 Qb6 8. dxc5 Bxc5 9. Qe2 Qc7 10. Nb3 Bb6 11. Bb5 a6 12. Bxc6 bxc6 13. 0-0 c5 14. Bf4 a5 15. Rfe1 Ba6 16. Qc2 0-0 17. Ng5 g6 18. h4 h6 19. Nxe6 Qc6 20. Nxf8 Nxf8 21. Bxh6 Ne6 22. Nd2 Kh7 23. Bg5 Bb7 24. Nf3 Ng7 25. Rad1 Re8 26. Rd2 Nh5 27. Rdd1 Kg7 28. b3 Kh7 29. a3 Re6 30. Qd2 Kg8 31. b4 axb4 32. axb4 d4 33. bxc5 dxc3 34. Qxc3 Qxc5 35. Qxc5 Bxc5 36. Rd8+ Kg7 37. Nd4 Bxd4 38. Rxd4 f6 39. exf6+ Kf7 40. Rd7+ Ke8 41. Rxe6+ Kxd7 42. Re7+ 1-0

[Event "Klaipeda Sea op-B 16th"]
[Site "Klaipeda"]
[Date "2019.07.23"]
[Round "2"]
[White "Luksas, Jonas"]
[Black "Pakalniskis, Romas"]
[Result "1-0"]
[WhiteElo "1502"]
[BlackElo "1656"]
[PlyCount "155"]
[EventDate "2019.07.22"]
[EventType "swiss"]
[EventRounds "7"]
[EventCountry "LTU"]
[SourceTitle "CBM 191 Extra"]
[Source "ChessBase"]
[SourceDate "2019.09.30"]
[SourceVersion "1"]
[SourceVersionDate "2019.09.30"]
[SourceQuality "1"]

1. d4 d5 2. Nf3 e6 3. Bf4 Nf6 4. h3 c5 5. c3 Nc6 6. e3 a6 7. Nbd2 cxd4 8. exd4 b5 9. a3 Na5 10. Bd3 Nc4 11. Qc2 Bb7 12. 0-0 Be7 13. Rfe1 0-0 14. Ne5 Nxd2 15. Bxd2 Re8 16. f3 Rc8 17. Ng4 g6 18. Nh6+ Kg7 19. Re2 Qd7 20. Rae1 a5 21. Qb3 Bc6 22. Ng4 Nxg4 23. fxg4 Rb8 24. Qd1 Bd6 25. Bc1 b4 26. axb4 axb4 27. Qc2 bxc3 28. bxc3 Bb5 29. Rf1 Bxd3 30. Qxd3 f5 31. gxf5 exf5 32. Rfe1 Re4 33. Rxe4 fxe4 34. Qe3 Rf8 35. Qh6+ Kg8 36. Qg5 Rf5 37. Qh4 h5 38. Be3 Qe7 39. Qxe7 Bxe7 40. Ra1 Kf7 41. Ra6 Rf6 42. Ra7 Rf5 43. Bc1 Rf6 44. Bg5 Re6 45. Kf2 Kf8 46. Bh6+ Kg8 47. Bd2 Bh4+ 48. g3 e3+ 49. Bxe3 Bxg3+ 50. Kf3 h4 51. Bd2 Rf6+ 52. Kg4 Rf7 53. Ra8+ Kh7 54. Bg5 Be1 55. Rc8 Kg7 56. Bxh4 Bxh4 57. Kxh4 Rf3 58. Kg4 Rd3 59. h4 Rd1 60. Rc5 Rg1+ 61. Kh3 Rc1 62. Kg3 Kh6 63. Kg4 Rg1+ 64. Kf3 Rc1 65. Ke3 Kh5 66. Kd2 Rf1 67. Rxd5+ Kxh4 68. c4 g5 69. c5 g4 70. Rd8 g3 71. Rh8+ Kg4 72. Ke2 g2 73. Rg8+ Kh3 74. Rh8+ Kg3 75. Rg8+ Kh2 76. Ke3 g1Q+ 77. Rxg1 Rxg1 78. Ke4 1-0

[Event "Klaipeda Rooks Cup"]
[Site "Klaipeda"]
[Date "2019.04.13"]
[Round "2"]
[White "Luksas, Jonas"]
[Black "Pocius, Vaclovas"]
[Result "0-1"]
[WhiteElo "1525"]
[BlackElo "1769"]
[PlyCount "72"]
[EventDate "2019.04.07"]
[EventType "swiss"]
[EventRounds "7"]
[EventCountry "LTU"]
[SourceTitle "CBM 190 Extra"]
[Source "ChessBase"]
[SourceDate "2019.07.15"]
[SourceVersion "1"]
[SourceVersionDate "2019.07.15"]
[SourceQuality "1"]

1. e4 e5 2. Nf3 Nc6 3. Bb5 Nd4 4. Nxd4 exd4 5. d3 Nf6 6. 0-0 Be7 7. e5 Nd5 8. c3 dxc3 9. Nxc3 Nxc3 10. bxc3 0-0 11. d4 d6 12. Bf4 Bf5 13. Bd3 Qd7 14. Qc2 Bxd3 15. Qxd3 d5 16. Rfe1 Rfe8 17. Re3 c5 18. Rae1 c4 19. Qc2 Bf8 20. Rh3 h6 21. Rg3 Kh8 22. h4 b5 23. Ree3 a5 24. Ref3 Ra6 25. Bd2 b4 26. Rf4 Rb8 27. Rgf3 Rb7 28. g4 b3 29. axb3 cxb3 30. Qb1 Rg6 31. Rg3 a4 32. h5 Rg5 33. Rf5 Rxf5 34. gxf5 b2 35. f6 a3 36. fxg7+ Bxg7 0-1

[Event "LTU-chT"]
[Site "Lithuania"]
[Date "2019.01.27"]
[Round "2.8"]
[White "Luksas, Jonas"]
[Black "Pakalniskis, Romas"]
[Result "0-1"]
[WhiteElo "1525"]
[BlackElo "1604"]
[PlyCount "120"]
[EventDate "2019.01.26"]
[EventType "team-swiss"]
[EventRounds "7"]
[EventCountry "LTU"]
[SourceTitle "CBM 188 Extra"]
[Source "ChessBase"]
[SourceDate "2019.02.26"]
[SourceVersion "1"]
[SourceVersionDate "2019.02.26"]
[SourceQuality "1"]
[WhiteTeam "Klaipeda Bokstas"]
[BlackTeam "Vilnius LASF"]
[WhiteTeamCountry "LTU"]
[BlackTeamCountry "LTU"]

1. e4 c5 2. Nf3 d6 3. d4 cxd4 4. Nxd4 Nf6 5. Nc3 a6 6. Be2 e6 7. 0-0 Be7 8. Be3 Bd7 9. Bf3 Qc7 10. g3 Nc6 11. Bg2 Rc8 12. Nb3 Ne5 13. Nd2 b5 14. Rc1 Bc6 15. Qe2 Qb7 16. f4 Ned7 17. Rfe1 Nb6 18. Bd4 0-0 19. b3 Rfe8 20. Nd1 Nbd7 21. Nf2 e5 22. Bb2 Bd8 23. Nd3 Bb6+ 24. Kh1 Nc5 25. Nxc5 Bxc5 26. a3 Qe7 27. b4 Bb6 28. fxe5 dxe5 29. c4 Bd4 30. Bxd4 exd4 31. c5 Rcd8 32. e5 Bxg2+ 33. Kxg2 Nd5 34. Nf3 Ne3+ 35. Kg1 Nc4 36. Qd3 Rd5 37. Rc2 Nxe5 38. Nxe5 Rxe5 39. Rxe5 Qxe5 40. Kf2 Qe1+ 41. Kg2 Qe5 42. Rd2 Rd8 43. Re2 Qd5+ 44. Qe4 Qd7 45. Rd2 f5 46. Qf4 d3 47. Qf3 g6 48. h4 Kg7 49. c6 Qd6 50. c7 Qxc7 51. h5 Qd6 52. hxg6 hxg6 53. Qf4 Qxf4 54. gxf4 Kf6 55. Kf3 g5 56. Ke3 g4 57. Kf2 Ke6 58. Ke3 Rd5 59. Kf2 Rd4 60. Ke3 Kd5 0-1

[Event "LTU-ch sf"]
[Site "Klaipeda"]
[Date "2018.10.13"]
[Round "6"]
[White "Luksas, Jonas"]
[Black "Stasius, Matas"]
[Result "1-0"]
[WhiteElo "1569"]
[BlackElo "1164"]
[PlyCount "85"]
[EventDate "2018.09.23"]
[EventType "swiss"]
[EventRounds "9"]
[EventCountry "LTU"]
[SourceTitle "CBM 187 Extra"]
[Source "ChessBase"]
[SourceDate "2018.11.04"]
[SourceVersion "1"]
[SourceVersionDate "2018.11.04"]
[SourceQuality "1"]

1. Nf3 Nf6 2. g3 Nc6 3. d4 d5 4. Nbd2 Bf5 5. c3 e6 6. Bg2 Bd6 7. Nh4 Bg6 8. f3 Be7 9. 0-0 Nd7 10. Nxg6 hxg6 11. e4 Nb6 12. f4 Qd7 13. Qe2 0-0-0 14. a4 Kb8 15. a5 Nc8 16. Nb3 a6 17. Be3 N6a7 18. Rfc1 Qb5 19. Qxb5 Nxb5 20. exd5 exd5 21. Nc5 Rhe8 22. Bf2 Bxc5 23. dxc5 Re2 24. Rab1 d4 25. Bf3 Rd2 26. c4 Nba7 27. Be1 Rd3 28. Kg2 Re8 29. Bf2 Nc6 30. b4 Ka7 31. Bxc6 bxc6 32. Rd1 Rxd1 33. Rxd1 Re4 34. Rxd4 Rxd4 35. Bxd4 f6 36. g4 Ne7 37. Kf3 Kb8 38. h4 Kc8 39. Bb2 Kd7 40. g5 Ng8 41. Ke4 Ke6 42. b5 Ne7 43. b6 1-0

[Event "LTU-ch sf"]
[Site "Klaipeda"]
[Date "2018.10.06"]
[Round "4"]
[White "Luksas, Jonas"]
[Black "Ionin, Ilja"]
[Result "1-0"]
[WhiteElo "1569"]
[BlackElo "1442"]
[PlyCount "89"]
[EventDate "2018.09.23"]
[EventType "swiss"]
[EventRounds "9"]
[EventCountry "LTU"]
[SourceTitle "CBM 187 Extra"]
[Source "ChessBase"]
[SourceDate "2018.11.04"]
[SourceVersion "1"]
[SourceVersionDate "2018.11.04"]
[SourceQuality "1"]

1. Nf3 Nf6 2. d4 e6 3. g3 b6 4. Bg2 Bb7 5. 0-0 Be7 6. c4 d6 7. Nc3 0-0 8. Re1 d5 9. cxd5 Nxd5 10. e4 Nf6 11. a3 c5 12. Bf4 Nh5 13. d5 Nxf4 14. gxf4 exd5 15. exd5 Qd6 16. Ne5 a6 17. Qd2 Nd7 18. Rad1 Nf6 19. Nc4 Qd7 20. Nxb6 Qd8 21. Nxa8 Bd6 22. Ne4 Nxe4 23. Rxe4 Bxa8 24. Rde1 Bc7 25. Rd1 Qd6 26. Rc4 Rd8 27. b4 Qh6 28. bxc5 Qg6 29. c6 Qg4 30. h3 Qh5 31. Re1 Qg6 32. Qe2 f5 33. Qe6+ Qxe6 34. Rxe6 Kf7 35. Bf3 g6 36. Kg2 Rb8 37. Re2 a5 38. a4 Rb3 39. Rd2 Ke7 40. Re2+ Kd8 41. Re6 Rd3 42. d6 Rxd6 43. Rxd6+ Bxd6 44. c7+ Bxc7 45. Bxa8 1-0

[Event "Klaipeda Sea op-A 15th"]
[Site "Klaipeda"]
[Date "2018.07.27"]
[Round "5"]
[White "Luksas, Jonas"]
[Black "Saunoriute, Milda"]
[Result "0-1"]
[WhiteElo "1619"]
[BlackElo "1576"]
[PlyCount "72"]
[EventDate "2018.07.23"]
[EventType "swiss"]
[EventRounds "7"]
[EventCountry "LTU"]
[SourceTitle "CBM 186 Extra"]
[Source "ChessBase"]
[SourceDate "2018.08.24"]
[SourceVersion "1"]
[SourceVersionDate "2018.08.24"]
[SourceQuality "1"]

1. d4 Nf6 2. c4 g6 3. Nc3 Bg7 4. e4 d6 5. f3 0-0 6. Be3 e5 7. d5 Nh5 8. Bd3 Nf4 9. Qd2 Nxd3+ 10. Qxd3 Nd7 11. Nge2 Nc5 12. Qd2 f5 13. Bg5 Qe8 14. b4 Na6 15. Nb5 fxe4 16. fxe4 Bd7 17. a4 Bxb5 18. axb5 Nb8 19. Be3 Nd7 20. Nc3 a6 21. bxa6 Rxa6 22. Rxa6 bxa6 23. Bf2 Qb8 24. Qb2 a5 25. b5 Nb6 26. Qe2 Bh6 27. 0-0 Nd7 28. Ra1 Nf6 29. Rxa5 Ng4 30. Ba7 Qxa7+ 31. Rxa7 Be3+ 32. Qxe3 Nxe3 33. h4 Rf1+ 34. Kh2 Rc1 35. Rxc7 Rxc3 36. b6 Ng4+ 0-1

[Event "Vilnius Boksto op"]
[Site "Vilnius"]
[Date "2018.05.06"]
[Round "7"]
[White "Luksas, Jonas"]
[Black "Saunoriute, Milda"]
[Result "0-1"]
[WhiteElo "1617"]
[BlackElo "1540"]
[PlyCount "48"]
[EventDate "2018.04.08"]
[EventType "swiss"]
[EventRounds "7"]
[EventCountry "LTU"]
[SourceTitle "CBM 184 Extra"]
[Source "ChessBase"]
[SourceDate "2018.06.28"]
[SourceVersion "1"]
[SourceVersionDate "2018.06.28"]
[SourceQuality "1"]

1. Nf3 Nf6 2. d4 g6 3. c4 Bg7 4. Nc3 0-0 5. e4 d6 6. Be2 e5 7. d5 Na6 8. 0-0 Nh5 9. Ne1 Nf4 10. Bxf4 exf4 11. Qd2 f5 12. f3 g5 13. Rd1 fxe4 14. Nxe4 Nc5 15. Nxc5 dxc5 16. Nc2 Qd6 17. b3 Bd7 18. h3 h5 19. Kf2 g4 20. hxg4 hxg4 21. fxg4 f3 22. Bxf3 Rxf3+ 23. gxf3 Qh2+ 24. Ke3 Re8+ 0-1

[Event "Vilnius Boksto op"]
[Site "Vilnius"]
[Date "2018.04.29"]
[Round "5"]
[White "Vaitonis, Vytautas"]
[Black "Luksas, Jonas"]
[Result "0-1"]
[WhiteElo "1863"]
[BlackElo "1617"]
[PlyCount "102"]
[EventDate "2018.04.08"]
[EventType "swiss"]
[EventRounds "7"]
[EventCountry "LTU"]
[SourceTitle "CBM 184 Extra"]
[Source "ChessBase"]
[SourceDate "2018.06.28"]
[SourceVersion "1"]
[SourceVersionDate "2018.06.28"]
[SourceQuality "1"]

1. d4 d5 2. Nf3 Nf6 3. e3 e6 4. Bd3 c5 5. b3 cxd4 6. exd4 Nc6 7. 0-0 Be7 8. a3 Qc7 9. Re1 Bd7 10. c4 h6 11. Nc3 a6 12. Bb2 0-0 13. Rc1 dxc4 14. bxc4 Qb6 15. Rb1 Qa5 16. d5 Nd8 17. Ne4 Nxe4 18. Bxe4 f5 19. Bc2 Bf6 20. Bxf6 Rxf6 21. Ne5 Be8 22. Qd3 Qc5 23. dxe6 Nxe6 24. Rxb7 Rd8 25. Nd7 Rxd7 26. Rxd7 Bxd7 27. Qxd7 Qxc4 28. Bd3 Qb3 29. Qc8+ Kh7 30. Bxf5+ Rxf5 31. Qxe6 Qxe6 32. Rxe6 Ra5 33. Re3 Kg6 34. h4 Kf5 35. f3 h5 36. Kh2 Rb5 37. Kh3 a5 38. Re4 g6 39. a4 Rb4 40. Kh2 Rxe4 41. fxe4+ Kxe4 42. Kg3 Ke3 43. Kh2 Kd4 44. Kg3 Kc5 45. Kf4 Kb4 46. Kg5 Kxa4 47. Kxg6 Kb3 48. Kxh5 a4 49. g4 a3 50. g5 a2 51. g6 a1Q 0-1

[Event "Klaipeda-ch"]
[Site "Klaipeda"]
[Date "2018.02.11"]
[Round "7"]
[White "Luksas, Jonas"]
[Black "Jablokov, Dmitrij"]
[Result "0-1"]
[WhiteElo "1643"]
[BlackElo "2042"]
[PlyCount "82"]
[EventDate "2018.01.14"]
[EventType "tourn"]
[EventRounds "11"]
[EventCountry "LTU"]
[SourceTitle "EXT 2019"]
[Source "ChessBase"]
[SourceDate "2018.10.10"]
[SourceVersion "1"]
[SourceVersionDate "2018.10.10"]
[SourceQuality "1"]

1. e4 c6 2. d4 d5 3. Nc3 dxe4 4. Nxe4 Bf5 5. Ng3 Bg6 6. Nf3 Nd7 7. Bc4 e6 8. Qe2 Be7 9. 0-0 Ngf6 10. Re1 Nd5 11. Bb3 0-0 12. c4 N5b6 13. Bf4 Nf6 14. a3 Re8 15. Rad1 Bf8 16. Ne5 Nfd7 17. Nxg6 hxg6 18. Ne4 Qh4 19. Bg3 Qh5 20. Qxh5 gxh5 21. Nd6 Bxd6 22. Bxd6 Rad8 23. Bc7 Rc8 24. Bd6 Nf6 25. f3 Rcd8 26. Bc7 Rd7 27. Bxb6 axb6 28. d5 exd5 29. Rxe8+ Nxe8 30. cxd5 c5 31. Bc4 Nd6 32. b3 b5 33. Be2 Kf8 34. Kf2 Ke7 35. g4 hxg4 36. fxg4 b6 37. Ke3 Ra7 38. Ra1 Kf6 39. a4 Ke5 40. Bf3 bxa4 41. bxa4 b5 0-1

[Event "Klaipeda-ch"]
[Site "Klaipeda"]
[Date "2018.02.10"]
[Round "6"]
[White "Jankus, Giedrius"]
[Black "Luksas, Jonas"]
[Result "1-0"]
[WhiteElo "1804"]
[BlackElo "1643"]
[PlyCount "117"]
[EventDate "2018.01.14"]
[EventType "tourn"]
[EventRounds "11"]
[EventCountry "LTU"]
[SourceTitle "EXT 2019"]
[Source "ChessBase"]
[SourceDate "2018.10.10"]
[SourceVersion "1"]
[SourceVersionDate "2018.10.10"]
[SourceQuality "1"]

1. d4 Nf6 2. Bg5 e6 3. Nd2 d5 4. e3 c5 5. c3 Nc6 6. Bd3 cxd4 7. exd4 Be7 8. Ngf3 h6 9. Bf4 Bd6 10. Ne5 Qc7 11. Qe2 a6 12. h4 Bxe5 13. dxe5 Nd7 14. Nf3 Nc5 15. Bc2 b6 16. 0-0 Bb7 17. Rac1 Rc8 18. Nd4 Qe7 19. Qg4 g6 20. Rcd1 Nxd4 21. Rxd4 a5 22. Rfd1 b5 23. Bc1 Nd7 24. Qe2 Rc4 25. Bb3 Rxd4 26. cxd4 Bc6 27. g3 g5 28. h5 f5 29. exf6 Nxf6 30. Bc2 0-0 31. Kg2 Ne4 32. f3 Nd6 33. g4 Qf6 34. Re1 Re8 35. Qd3 Qg7 36. Bd2 Nc4 37. Bc1 e5 38. dxe5 Rxe5 39. Rxe5 Nxe5 40. Qd4 Qf6 41. Bf5 Nxg4 42. Qxf6 Nxf6 43. f4 d4+ 44. Kf2 g4 45. Bg6 Be4 46. f5 Kg7 47. Bf4 d3 48. Be5 a4 49. a3 Bf3 50. Ke3 Be2 51. Be8 Kf8 52. Bxb5 Nxh5 53. Bxa4 g3 54. Bc6 Bf1 55. Bf3 g2 56. Kf2 d2 57. Bxh5 Bd3 58. Bc3 Bxf5 59. Bxd2 1-0

[Event "Klaipeda-ch"]
[Site "Klaipeda"]
[Date "2018.01.21"]
[Round "3"]
[White "Luksas, Jonas"]
[Black "Vaitonis, Vytautas"]
[Result "0-1"]
[WhiteElo "1643"]
[BlackElo "1907"]
[PlyCount "56"]
[EventDate "2018.01.14"]
[EventType "tourn"]
[EventRounds "11"]
[EventCountry "LTU"]
[SourceTitle "EXT 2019"]
[Source "ChessBase"]
[SourceDate "2018.10.10"]
[SourceVersion "1"]
[SourceVersionDate "2018.10.10"]
[SourceQuality "1"]

1. e4 c5 2. Nf3 Nc6 3. d4 cxd4 4. Nxd4 e5 5. Nb5 d6 6. c4 f5 7. N1c3 a6 8. Na3 Be7 9. Bd3 f4 10. Nc2 Nf6 11. b3 0-0 12. Be2 Be6 13. Qd3 Qd7 14. Bb2 Rf7 15. Rd1 Rd8 16. 0-0 Bf8 17. Rfe1 Qc8 18. Bf3 g5 19. Nd5 g4 20. Be2 Nxe4 21. Bxg4 Nxf2 22. Kxf2 Bxg4 23. Rd2 Qb8 24. Kf1 Bg7 25. Ncb4 Rdf8 26. Nxc6 bxc6 27. Nc3 f3 28. g3 f2 0-1

[Event "Klaipeda-ch"]
[Site "Klaipeda"]
[Date "2018.01.20"]
[Round "2"]
[White "Drozdov, Sergej"]
[Black "Luksas, Jonas"]
[Result "1-0"]
[WhiteElo "2186"]
[BlackElo "1643"]
[PlyCount "65"]
[EventDate "2018.01.14"]
[EventType "tourn"]
[EventRounds "11"]
[EventCountry "LTU"]
[SourceTitle "EXT 2019"]
[Source "ChessBase"]
[SourceDate "2018.10.10"]
[SourceVersion "1"]
[SourceVersionDate "2018.10.10"]
[SourceQuality "1"]

1. d4 Nf6 2. Nf3 e6 3. Bg5 Be7 4. Nbd2 d5 5. e3 Nbd7 6. Bd3 c5 7. c3 h6 8. Bh4 b6 9. Ne5 Nxe5 10. dxe5 Nd7 11. Bg3 Bb7 12. Qg4 g5 13. Qh5 Nf8 14. Bb5+ Nd7 15. 0-0 Qc7 16. f4 0-0-0 17. Qxf7 Nf8 18. Qh5 c4 19. Nf3 a6 20. Ba4 b5 21. Bc2 Bc6 22. fxg5 Be8 23. Qh3 Bc5 24. Nd4 Bxd4 25. exd4 Qg7 26. g6 Kd7 27. Rf6 Rg8 28. a4 b4 29. cxb4 Qe7 30. Qxh6 Bxg6 31. Bxg6 Qxb4 32. Bh7 Qxb2 33. Rb1 1-0

[Event "Klaipeda-ch sf"]
[Site "Klaipeda"]
[Date "2017.10.22"]
[Round "8"]
[White "Luksas, Jonas"]
[Black "Zozulia, Alexander"]
[Result "0-1"]
[WhiteElo "1622"]
[BlackElo "2073"]
[PlyCount "60"]
[EventDate "2017.09.17"]
[EventType "swiss"]
[EventRounds "9"]
[EventCountry "LTU"]
[SourceTitle "EXT 2019"]
[Source "ChessBase"]
[SourceDate "2018.10.10"]
[SourceVersion "1"]
[SourceVersionDate "2018.10.10"]
[SourceQuality "1"]

1. e4 e5 2. Nf3 Nc6 3. Bb5 d6 4. d4 exd4 5. Nxd4 Bd7 6. 0-0 g6 7. Be3 Bg7 8. c3 Nf6 9. f3 0-0 10. Nxc6 bxc6 11. Bc4 Re8 12. Qd2 d5 13. exd5 cxd5 14. Bd3 c6 15. Na3 Qc8 16. Bc5 Bf5 17. Rfe1 Bxd3 18. Qxd3 Qb7 19. b3 Nd7 20. Bd4 Bf8 21. Nc2 c5 22. Bf2 Ne5 23. Qd2 Rad8 24. Rad1 Qa6 25. Ne3 d4 26. cxd4 Rxd4 27. Qc2 Nd3 28. Qe2 Rd6 29. Rf1 Nxf2 30. Qxf2 Bg7 0-1

[Event "Klaipeda-ch sf"]
[Site "Klaipeda"]
[Date "2017.10.07"]
[Round "5"]
[White "Januseviciute, Donata"]
[Black "Luksas, Jonas"]
[Result "1/2-1/2"]
[WhiteElo "1604"]
[BlackElo "1622"]
[PlyCount "133"]
[EventDate "2017.09.17"]
[EventType "swiss"]
[EventRounds "9"]
[EventCountry "LTU"]
[SourceTitle "EXT 2019"]
[Source "ChessBase"]
[SourceDate "2018.10.10"]
[SourceVersion "1"]
[SourceVersionDate "2018.10.10"]
[SourceQuality "1"]

1. d4 d5 2. c4 e6 3. Nf3 Nf6 4. g3 Be7 5. Bg2 0-0 6. 0-0 c5 7. cxd5 exd5 8. dxc5 Bxc5 9. Qc2 Bb6 10. Nc3 Be6 11. Bf4 Nc6 12. Rad1 Rc8 13. Qb1 Qe7 14. Nb5 Rfd8 15. Nbd4 Ne4 16. Nxc6 bxc6 17. Nd4 Nf6 18. b4 Bg4 19. f3 Bh5 20. Rfe1 Bg6 21. Qb2 a5 22. a3 axb4 23. axb4 c5 24. bxc5 Bxc5 25. Kf1 Bb4 26. Bd2 Ba3 27. Qb3 Bc5 28. Bg5 Bb4 29. Bd2 Bc5 30. Bg5 h6 31. Bxf6 Qxf6 32. e3 Qa6+ 33. Kf2 Rb8 34. Bf1 Qf6 35. Qa2 Ra8 36. Qd2 Ra4 37. Re2 Be4 38. Bg2 Bb4 39. Qc1 Ra6 40. f4 Bg6 41. Qc7 Bh5 42. Bf3 Bxf3 43. Kxf3 Ra3 44. Qc6 Qe7 45. Qc2 Rda8 46. Nf5 Qb7 47. Nd4 Ra2 48. Qc6 Qa6 49. Qxa6 R8xa6 50. Rxa2 Rxa2 51. Nc6 Rd2 52. Rxd2 Bxd2 53. Ne7+ Kf8 54. Nxd5 h5 55. h4 f5 56. Ke2 Bc1 57. Kd3 Bb2 58. e4 fxe4+ 59. Kxe4 g6 60. Nb4 Kg7 61. Nd3 Bc3 62. Nc5 Bb4 63. Ne6+ Kf6 64. Nd4 Be1 65. Kf3 Bc3 66. Ne2 Bb2 67. Ke4 1/2-1/2